Direito civil : (Record no. 1349)
[ view plain ]
| 000 -LÍDER | |
|---|---|
| Campo Fixo de Controle | 00775nam a2200253 a 4500 |
| 001 - NÚMERO DE CONTROLE | |
| Campo de Controle | 1349 |
| 003 - IDENTIFICAÇÃO DO NÚMERO DE CONTROLE | |
| Campo de Controle | BR-CuiBMT |
| 005 - DATA E HORA DA ÚLTIMA ATUALIZAÇÃO | |
| Campo de Controle | 20231205200902.0 |
| 008 - DADOS FIXOS | |
| Dados Fixos | 231109s2015 bab 000 0 por d |
| 020 ## - INTERNATIONAL STANDARD BOOK NUMBER | |
| Nº do ISBN | 9788544203743 |
| 040 ## - AGÊNCIA CATALOGADORA | |
| Código da Agência Catalogadora | BR-CuiBMT |
| Agência que transcreveu o registro | BR-CuiBMT |
| 080 ## - Nº DA CLASSIFICAÇÃO DECIMAL UNIVERSAL | |
| Nº edição CDU | 2007 |
| Nº Class. CDU | 347 |
| 090 ## - NÚMERO DE CHAMADA | |
| Nº classificação | 347 |
| Cutter | M386d |
| Ano/Edição | 2. ed. |
| 100 1# - ENTRADA PRINCIPAL -- AUTOR PESSOAL | |
| Nome pessoal | Martins, André Epifanio |
| 245 10 - TÍTULO PRINCIPAL | |
| Título principal | Direito civil : |
| Subtítulo | em provas discursivas / |
| Indicação de responsabilidade | André Epifânio Martins. |
| 250 ## - EDIÇÃO | |
| Edição | 2. ed., rev., ampl. e atual. |
| 260 ## - PUBLICAÇÃO, DISTRIBUIÇÃO, ETC. | |
| Local de publicação | Salvador: |
| Editora | JusPODIVM, |
| Data | [2015?] |
| 300 ## - DESCRIÇÃO FÍSICA | |
| N. páginas ou volumes | 376 p. ; |
| Dimensões | 24 cm |
| 490 1# - INDICAÇÃO DE SÉRIE | |
| Título da série | Coleção provas discursivas, respondidas e comentadas |
| 504 ## - NOTA DE BIBLIOGRAFIA, ETC. | |
| Nota de bibliografia | Inclui bibliografia. |
| 650 ## - ASSUNTO TÓPICO | |
| Cabeçalho tópico ou nome geográfico | Civil |
| Subdivisão geográfica | Brasil |
| 830 #0 - ENTRADA SECUNDÁRIA DE SÉRIE -- TÍTULO UNIFORME | |
| Título uniforme | Provas discursivas, respondidas e comentadas |
| 942 ## - ELEMENTOS DE ENTRADA ADICIONAIS (KOHA) | |
| Fonte de classificação ou esquema de arquivamento | Classificação Decimal Universal |
| Tipo de item do Koha | Livros |
| Estado: removido | Estado: perdido | Fonte de classificação ou esquema de arquivamento | Estado: danificado | Indisponível para empréstimo | Localização permanente | Localização atual | Data de aquisição | Total Checkouts | Número de Chamada completo | Código de barras | Date last seen | Número do exemplar | Preço efetivo a partir de | Tipo de item (Koha) |
|---|---|---|---|---|---|---|---|---|---|---|---|---|---|---|
| Classificação Decimal Universal | Biblioteca da Escola Superior de Contas do TCE/MT | Biblioteca da Escola Superior de Contas do TCE/MT | 05/12/2023 | 347 M386d 2. ed. | BIBTCEMT23120223 | 05/12/2023 | Ex. 1 | 05/12/2023 | Livros |